000 00631nam a2200229Ia 4500
003 OSt
005 20220918201227.0
006 a|||||r|||| 00| 0
007 ta
008 220917b |||||||| |||| 00| 0 eng d
024 _a92,497
037 _cTextual
040 _aARTS
_cARTS
_beng
041 _2eng
_aeng
082 _aV:(R3n, N1
100 _aRose margaret A
_912586
245 0 _aPost modern & the post industrial
_b a critical analysis
260 _aCambridge
_bCambridge University Press
_c1991
650 _aHISTORY
942 _hV:(R3n, N1
_cTEXL
_2CC
999 _c216148
_d216148